| 000 -LEADER |
| fixed length control field |
00825nam a2200253 4500 |
| 001 - CONTROL NUMBER |
| control field |
22061 |
| 003 - CONTROL NUMBER IDENTIFIER |
| control field |
BD-DhUAP |
| 005 - DATE AND TIME OF LATEST TRANSACTION |
| control field |
20240314144654.0 |
| 008 - FIXED-LENGTH DATA ELEMENTS--GENERAL INFORMATION |
| fixed length control field |
240314b2013 uk aa||| |||| 001 0beng d |
| 020 ## - INTERNATIONAL STANDARD BOOK NUMBER |
| International Standard Book Number |
9780230251694 |
| 020 ## - INTERNATIONAL STANDARD BOOK NUMBER |
| International Standard Book Number |
9780230251700 |
| 040 ## - CATALOGING SOURCE |
| Original cataloging agency |
BD-DhUAP |
| Language of cataloging |
Eng |
| Transcribing agency |
BD-DhUAP |
| Modifying agency |
BD-DhUAP |
| 082 ## - DEWEY DECIMAL CLASSIFICATION NUMBER |
| Edition number |
23 |
| Classification number |
306.449 JOH |
| 100 ## - MAIN ENTRY--PERSONAL NAME |
| Personal name |
Johnson, David Cassels, |
| Dates associated with a name |
1974- |
| 245 ## - TITLE STATEMENT |
| Title |
Language policy / |
| Statement of responsibility, etc. |
David Cassels Johnson, Washington State University, USA. |
| 250 ## - EDITION STATEMENT |
| Edition statement |
1 st |
| 260 ## - PUBLICATION, DISTRIBUTION, ETC. |
| Place of publication, distribution, etc. |
Palgrave Macmillan, |
| Name of publisher, distributor, etc. |
New York, NY : |
| Date of publication, distribution, etc. |
©2013 |
| 300 ## - PHYSICAL DESCRIPTION |
| Extent |
xvi, 291 pages : |
| Other physical details |
illustrations ; |
| Dimensions |
22 cm. |
| 440 ## - SERIES STATEMENT/ADDED ENTRY--TITLE |
| Title |
Research and Practice in Applied Linguistics |
| 504 ## - BIBLIOGRAPHY, ETC. NOTE |
| Bibliography, etc. note |
Includes bibliographical references (pages 271-289) and index |
| 650 ## - SUBJECT ADDED ENTRY--TOPICAL TERM |
| Topical term or geographic name entry element |
Language policy. |
| 650 ## - SUBJECT ADDED ENTRY--TOPICAL TERM |
| Topical term or geographic name entry element |
Language planning. |
| 942 ## - ADDED ENTRY ELEMENTS (KOHA) |
| Source of classification or shelving scheme |
|
| Koha item type |
Book |